000
00337nam a22001457a 4500
008
211014b ||||| |||| 00| 0 eng d
020
_a
9780471724117
041
_a
eng
080
_2
2nd
_a
159.9
082
_a
159.9
100
_a
48
101
_a
PSI
245
_a
Understanding Abnormal Child Psychology
_c
Phares,V
942
_2
udc
_c
BK
999
_c
58224
_d
58224